| 000 | 00829nam a2200253Ia 4500 | ||
|---|---|---|---|
| 003 | OSt | ||
| 005 | 20220925203401.0 | ||
| 006 | a|||||r|||| 00| 0 | ||
| 007 | ta | ||
| 008 | 220923b |||||||| |||| 00| 0 eng d | ||
| 020 |
_a9780822340775 _c1148.8199999999999 |
||
| 037 |
_b103, 14/07/2009, INDEPENDENT PUBLISHERS GROUP _cGeneral Book |
||
| 040 |
_aRTL _cRTL _beng |
||
| 041 |
_2eng _aeng |
||
| 082 | _aY:1:(S:43), P7 | ||
| 100 |
_aFabian Johannes _929208 |
||
| 245 | 0 |
_aMemory against culture _b Arguments and reminders. |
|
| 260 |
_aDurham _bDuke University Press _c2007 |
||
| 300 |
_axi, 191p _ccm. |
||
| 500 | _aBibliography: P .175-85 | ||
| 650 | _aSociology | ||
| 942 |
_hY:1:(S:43), P7 _cGB _2CC |
||
| 999 |
_c546168 _d546168 |
||